LEADER 01491nam a2200301 4500 001 000000347027 003 CaOOAMICUS 005 20210714123145.0 008 210714s2011 xxu 000 u eng r 020 $a978-0-547-57709-8 040 $aSeMil$bita 100 1 $aLowry, Lois,$d<1937- >.$0(OLS)http://semarc/name/112268 245 10$aNumber the stars /$cLois Lowry. 264 1$aBoston ; New York :$bHoughton Mifflin Harcourt,$c2011. 300 $a137 p. ;$c19 cm 500 $aIn cop.: with a new introduction by the author 586 $aJohn Newberry Medal for the most distinguished contribution to american literature for children (awarded annually by the childrens librarians section of the American library association) 650 4$aEbrei - Danimarca.$0(OLS)http://semarc/subject/50643 650 4$aGuerra mondiale <1939-1945> - Danimarca - Occupazione tedesca.$0(OLS)http://semarc/subject/50642 650 4$aDanimarca - Storia.$0(OLS)http://semarc/subject/44693 650 4$aStoria - Libri per ragazzi.$0(OLS)http://semarc/subject/45981 850 $aSeMil 852 $aSeMil$W1$xVenegono$y1$m3V I 102$j227597$B238091$CSeMilBibl$Z2$F238091 $81 961 $aPerego don Stefano - Omaggio 996 $6020$a978-0-547-57709-8$9(OLS)http://semarc/number/293656 996 $6245$aNumber the stars$9(OLS)http://semarc/title/436273 996 $6264$aBoston ; New York :$bHoughton Mifflin Harcourt$9(OLS)http://semarc/publisher/59988 LEADER 00668naa a2200145 i 4500 001 000000300792 003 CaOOAMICUS 005 20180831172709.0 008 180831n xx u000 u und u 013 $a8514 040 $aSeMil$bita 100 1 $aPellegrini, Luigi,$d<1934- >.$0(OLS)http://semarc/name/19779 245 13$aUn secolo di Ğletturağ delle fonti biografiche di Francesco D'Ass :$bcollana ; 10.). 773 0 $tMetodi di lettura delle fonti francescane.$dRoma : Ed. Collegio San Lorenzo da Brindisi, 1988.$kDimensioni spirituali$w()34879 996 $6245$aUn secolo di Ğletturağ delle fonti biografiche di Francesco D'Ass :$bcollana ; 10.).$9(OLS)http://semarc/title/376807